1559 1419 1853 1588 1253 1648 1804 1508 1595 1929 1974 1251 1160 1893 1877 1405 1105 1692 1694 1814 1229 1430 1754 1815 1507 1862 1645 1650 1182 1955 1739 1495 1183 1803 1466 1825 1077 1729 1193 1180 1285 1180 1154 1735 1374 1397 1048 1958 1078 1108 1377 1240 1187 1286 1512 1079 1508 1727 1091 1000 1151 1578 1289 1431 1296 1914 1472 1128 1123 1039 1881 1432 1380 1052 1621 1937 1450 1973 1049 1107 1944 1019 1174 1075 1562 1932 1233 1832 1523 1084 1937 1917 1534 1125 1294 1930 1253 1654 1097 BCNSPRNW ULIB Ver.6.0+V

เปลี่ยนเป็นภาษาไทย

Change to English
 แสดงรายละเอียดบรรณานุกรม
  กลับหน้าหลัก

Brief Record : Get Marc (ISO 2709) : E-mail record : QR code < ปิดหน้าต่าง
LEADER : 00000nam 2200000uu 4500
001    13399122160
003     ULIB
008    130107s2554||||th 000 0 tha d
020    ^a9786165051347
060 04 ^aWG210^bน578ก
100 0  ^aนิตยา เพ็ญศิรินภา
245 10 ^aการเสริมพลังเพื่อการปรับเปลี่ยนพฤติกรรมเสี่ยงต่อโรคหัวใจและหลอดเลือด :^bแนวคิดและการปฏิบัติ /^cนิตยา เพ็ญศิรินภา
250    ^aพิมพ์ครั้งที่ 3
260    ^aกรุงเทพฯ :^bสาขาวิชาวิทยาศาสตร์สุขภาพมหาวิทยาลัยสุโขทัยธรรมาธิราช,^c2554
300    ^a[ก]-ฉ, 141, [1] หน้า :^bภาพประกอบ ;^c30 ซม.
505 0  ^a^tโรคหัวใจและหลอดเลือด และการป้องกัน - -^tแนวคิดการเสริมพลังกับการลดปัจจัยเสี่ยงต่อโรคหัวใจและหลอดเลือด - -^tทฤษฎีที่เกี่ยวข้องกับการพัฒนาพฤติกรรมสุขภาพและการเสริมพลังบุคคล - -^tการปฏิบัติในการวางแผน การจัดกิจกรรมและการประเมินผลโครงการเสริมพลังเพื่อการปรับเปลี่ยนพฤติกรรมเสี่ยงต่อโรคหัวใจและหลอดเลือด - -^tกรณีตัวอย่างการจัดกิจกรรมและโครงการปรับเปลี่ยนพฤติกรรมเสี่ยงต่อโรคหัวใจและหลอดเลือดตามแนวคิดการเสริมพลัง - -^tบทเรียนโครงการปรับเปลี่ยนพฤติกรรมของสถานบริการสาธารณสุข
650  4 ^aหัวใจ, โรค^xการป้องกันและควบคุม
650  4 ^aหลอดเลือดโคโรนารีย์, โรค^xการป้องกันและควบคุม
710 2  ^aมหาวิทยาลัยสุโขทัยธรรมาธิราช. ^bสาขาวิทยาศาสตร์สุขภาพ
856    ^a^z20120815133550_1158.pdf (Content)^uhttp://113.53.232.221:80/UlibM//_fulltext/5/13399121212/20121109104629_79.pdf
945    ^p270^l0^i19616
945    ^p270^l0^i19617
995    ^aกัณชพร
999    ^aใช้งานได้ทุกระบบ
รายการนี้ยังไม่มีแท็ก
คุณยังไม่ได้ล็อกอิน คุณสามารถมีกิจกรรมร่วมกับเว็บไซต์ได้ แต่ต้องล็อกอินก่อน ::
  ล็อกอิน

รายการสื่อสารสนเทศ

ลำดับที่ ประเภท เลขเรียก/บาร์โค้ด สถานที่ สถานะ
1. วิทยาศาสตร์การแพทย์ และสุขภาพ
วิทยาศาสตร์การแพทย์ และสุขภาพ
สถานะ=หนังสือเก่า
WG210 น578ก  
  Barcode: 19616
ห้องสมุดวิทยาเขตนครสวรรค์
►ส่วนจัดเก็บหนังสือเก่า นว.
บนชั้น
  ขอยืม
2. วิทยาศาสตร์การแพทย์ และสุขภาพ
วิทยาศาสตร์การแพทย์ และสุขภาพ
สถานะ=หนังสือเก่า
WG210 น578ก ฉ.2 
  Barcode: 19617
ห้องสมุดวิทยาเขตนครสวรรค์
►ส่วนจัดเก็บหนังสือเก่า นว.
บนชั้น
  ขอยืม

รายการใกล้เคียง
    ผู้แต่ง [นิตยา เพ็ญศิรินภา]

BibComment


ยังไม่เคยถูกคอมเมนท์

คอมเมนท์ทรัพยากรรายการนี้
  คอมเมนท์: การเสริมพลังเพื่..


 Copyright 2026. Bcnsprnw @Library